000 00656cam a22002411 4500
001 sa 68003063
003 DLC
005 20260227112449.0
008 890918s1967 ii 000 0 beno
010 _asa 68003063
035 _a(OCoLC)20361505
040 _aDLC
_cWaU
_dDLC
042 _apremarc
043 _aa-ii---
_ae-ur---
050 0 0 _aDS485.B49
_bC47
100 1 _aChattopadhyaya, Gautam.
245 1 0 _aRuśa biplaba o Bāṃlāra mukti āndolana.
260 _c[1967]
300 _a3, 88 p.
_c22 cm.
500 _aIn Bengali.
651 0 _aBengal (India)
_xHistory.
651 0 _aSoviet Union
_xHistory
_yRevolution, 1917-1921
_xInfluence.
999 _c79198
_d79198